000
00226nam a22000857a 4500
008
220721b ||||| |||| 00| 0 eng d
100
_a
Postage Stamps of France
245
_a
Sotheby's
650
_a
Stamps of France | Sotheby's Auction
999
_c
3431
_d
3431